000 00874nam a2200193 a 4500
001 000477733
003 AM-YeHGA
005 20250618072552.0
008 060302s1906 ai r 000 0 arm d
040 _aAM-YeHGA
041 0 _aarm
100 0 _aՍիմեոն Երևանցի,
_cԱմենայն հայոց կաթողիկոս,
_d1710-1780
_9903
245 1 0 _aՏօնացոյց :
_bՆախապէս կարգեալ եւ սահմանեալ Սրբոյն Սահակայ Պարթեւի Հայրապետին Հայոց ըստ աւանդութեան Հայաստանեայց Սրբոյ եկեղեցւոյ /
_cԱշխատասիր.՝ Սիմէօն Կաթուղիկոս.
250 _a4-րդ տպագր.
260 _aՎաղարշապատ :
_bտպ. Մայր Աթոռ Ս. Էջմիածնի,
_c1906.
300 _a399 էջ ;
_c20 սմ.
650 1 4 _aՏոնացույց
_95148
090 _c176654
999 _c175211
_d175211